| 000 | 00476nam a22001697a 4500 | ||
|---|---|---|---|
| 005 | 20250603152227.0 | ||
| 008 | 250603b |||||||| |||| 00| 0 eng d | ||
| 020 | _a0072356766 | ||
| 050 | _aHD 62.4 BAL | ||
| 100 | _aBALL DONALD A. | ||
| 245 |
_aINTERNATIONAL BUSINESS _bTHE CHALLENGE OF GLOBAL COMPETITION |
||
| 300 | _aXXX,720p.,ILLUS.,TABLES,MAPS,GRAPHS | ||
| 500 | _aEND NOTES,INDEX | ||
| 700 | _aMcCULLOCH,WENDELL H. | ||
| 710 | _aFRANTZ,PAUL L. | ||
| 942 |
_2lcc _cBK _n0 |
||
| 999 |
_c6222 _d6222 |
||